000
00249nam a2200109Ia 4500
008
200302s9999 xx 000 0 und d
100
_a
Charles Froesch
245
_a
Airport Planning
260
_b
John Wiley & Sons Inc.
260
_c
1946
300
_a
250 P.,
999
_c
9
_d
9